000 00304nam a22001337a 4500
008 250417b |||||||| |||| 00| 0 eng d
020 _a185382510
050 _aHD7391
_b.B76
100 _aBROWN, Laster R.
245 _aFull House
260 _aLondon
_bPentonville
_c1995
300 _a221p.
942 _cBK
999 _c3045
_d3045